| 000 | 00412nam a22001337a 4500 | ||
|---|---|---|---|
| 999 |
_c13567 _d13567 |
||
| 020 | _a969-419-018-5 | ||
| 082 |
_a808.85 _bی وس |
||
| 100 | _aمشتاق احمد یوسفی | ||
| 245 | _aچراغ تلے (کھٹ مٹھے مضامین) | ||
| 260 |
_aکراچی _bحوری نورانی مکتبہ دانیال |
||
| 300 | _a ١٦٥ صفحات | ||
| 650 | _aChiragh Tale, Mushtaq Ahmed Yousufi | ||
| 942 | _cBK | ||